ბათუმის შოთა რუსთაველის სახელმწიფო უნივერსიტეტის ბიბლიოთეკა

Paris Match, du 19 au 25 avril. №3597. 2018 (ბიბ.ჩანაწერი № 55424)

000 -LEADER
fixed length control field 00512nam a2200193Ia 4500
001 - CONTROL NUMBER
control field 22506
003 - CONTROL NUMBER IDENTIFIER
control field GE_BSU
008 - FIXED-LENGTH DATA ELEMENTS--GENERAL INFORMATION
fixed length control field 181216s||||||||xx |||||||||||||| ||und||
040 ## - CATALOGING SOURCE
Transcribing agency GE_BSU
080 ## - UNIVERSAL DECIMAL CLASSIFICATION NUMBER
Universal Decimal Classification number პერიოდიკა
245 ## - TITLE STATEMENT
Title Paris Match, du 19 au 25 avril. №3597. 2018
260 ## - PUBLICATION, DISTRIBUTION, ETC.
Place of publication, distribution, etc. Paris
260 ## - PUBLICATION, DISTRIBUTION, ETC.
Date of publication, distribution, etc. 2018
300 ## - PHYSICAL DESCRIPTION
Extent 114p. 30cm. ill.
653 ## - INDEX TERM--UNCONTROLLED
Uncontrolled term Paris Match, du 19 au 25 avril. №3597. 2018
653 ## - INDEX TERM--UNCONTROLLED
Uncontrolled term Периодика
653 ## - INDEX TERM--UNCONTROLLED
Uncontrolled term პერიოდიკა
942 ## - ADDED ENTRY ELEMENTS (KOHA)
Koha item type პერიოდიკა
ეგზემპლარები
Withdrawn status Lost status Damaged status Not for loan Date acquired Barcode Date last seen Price effective from Koha item type Public note
        2018-12-17 p 79357 2018-12-17 2018-12-17 პერიოდიკა პერიოდიკა